[Event "Catalunya Valles West-ch U10"]
[Site "Catalunya"]
[Date "2013.02.09"]
[Round "3.2"]
[White "Buerba Paniego, Pau"]
[Black "Villodres Rubio, Adrian"]
[Result "0-1"]
[WhiteElo "1721"]
[BlackElo "1775"]
[PlyCount "60"]
[EventDate "2013.01.26"]
[EventType "swiss"]
[EventRounds "6"]
[EventCountry "ESP"]
[SourceTitle "EXT 2024"]
[Source "ChessBase"]
[SourceDate "2023.10.10"]
[SourceVersion "1"]
[SourceVersionDate "2023.10.10"]
[SourceQuality "1"]

1. g3 d5 2. Bg2 Nf6 3. Nf3 g6 4. 0-0 Bg7 5. d3 0-0 6. Nc3 Nc6 7. Bg5 h6 8. Bxf6 Bxf6 9. Qd2 Bg7 10. Ne1 e6 11. Nf3 a5 12. Nd1 b5 13. Ne3 h5 14. Ng5 Qxg5 15. f4 Qe7 16. Nd1 Bd4+ 17. Nf2 e5 18. fxe5 Qxe5 19. e3 Bxe3 20. Qe2 Bg4 21. Qe1 Kg7 22. Rd1 Bxd1 23. Qxd1 Rad8 24. Kh1 Rh8 25. Qe1 h4 26. Nd1 d4 27. Bxc6 hxg3 28. h3 Rxh3+ 29. Kg2 Rh2+ 30. Kf3 Qf4# 0-1